¿A,B, o da igual? : (Record no. 109617)

MARC details
000 -CABECERA
campo de control de longitud fija 00971nam a2200229 a 4500
005 - FECHA Y HORA DE LA ÚLTIMA TRANSACCIÓN
campo de control 20240925063806.0
008 - ELEMENTOS DE LONGITUD FIJA--INFORMACIÓN GENERAL
campo de control de longitud fija 050216s2004 mx r 000 0 spa d
035 ## - NÚMERO DE CONTROL DEL SISTEMA
Número de control de sistema UPN01000137466
049 ## - COLECCIÓN
Colección CG
050 #4 - SIGNATURA TOPOGRÁFICA DE LA BIBLIOTECA DEL CONGRESO
Número de clasificación QA9
Número de documento/Ítem A4.2
100 1# - ASIENTO PRINCIPAL--NOMBRE PERSONAL
Nombre de persona Alatorre Frenk, Silvia
9 (RLIN) 28689
245 11 - MENCIÓN DE TÍTULO
Título ¿A,B, o da igual? :
Resto del título estudio sobre el razonamiento proporcional /
Mención de responsabilidad, etc. Silvia Alatorre Frenk.
260 ## - PUBLICACIÓN, DISTRIBUCIÓN, ETC.
Lugar de publicación, distribución, etc. México :
Nombre del editor, distribuidor, etc. S. Alatorre Frenk,
Fecha de publicación, distribución, etc. 2004.
300 ## - DESCRIPCIÓN FÍSICA
Extensión 340 p. :
Otras características físicas cuadros, grafs. +
Material acompañante/anejo un cuadernillo de cuestionarios y un CD-ROM
500 ## - NOTA GENERAL
Nota general Solicita el CD-ROM en el Mostrador de Préstamo
502 ## - NOTA DE TESIS
Nota de tesis Tesis (Doctor en Ciencias en la Especialidad de Matemática Educativa) -- Instituto Politécnico Nacional. Centro de Investigación y de Estudios Avanzados, 2004
650 #4 - ASIENTO SECUNDARIO DE MATERIA - TERMINO TEMATICO
Término de materia o nombre geográfico como elemento de entrada Lógica simbólica y matemática
9 (RLIN) 3581
650 #4 - ASIENTO SECUNDARIO DE MATERIA - TERMINO TEMATICO
Término de materia o nombre geográfico como elemento de entrada Matemáticas
Subdivisión general Estudio y enseñanza
9 (RLIN) 3601
650 #2 - ASIENTO SECUNDARIO DE MATERIA - TERMINO TEMATICO
Término de materia o nombre geográfico como elemento de entrada Investigación matemática
9 (RLIN) 14363
650 #4 - ASIENTO SECUNDARIO DE MATERIA - TERMINO TEMATICO
Término de materia o nombre geográfico como elemento de entrada Razonamiento
9 (RLIN) 3600
905 ## - TIPO DE MATERIAL
Tipo de material Libro
Holdings
Estado de retiro Estado de pérdida Fuente del sistema de clasificación o colocación Estado dañado No para préstamo Código de colección Localización permanente Ubicación/localización actual Ubicación en estantería Total de préstamos Clasificación Código de barras Fecha visto por última vez Número de copia Tipo de ítem Koha Fecha de adquisición Precio válido a partir de Nota pública
    Library of Congress Classification     Colección General Bib. Gregorio Torres Quintero Bib. Gregorio Torres Quintero Planta baja 4 QA9 A4.2 228997 31/12/2020 1 Libro      
    Library of Congress Classification     Materiales complementarios y otros recursos electrónicos  Bib. Gregorio Torres Quintero Bib. Gregorio Torres Quintero Mostrador de préstamo Planta baja   QA9 A4.2 339219 20/06/2024   Disco Compacto 20/06/2024 20/06/2024 Solicítalo en el mostrador de préstamo